| 000 | 01573nas a2200277Ia 4500 | ||
|---|---|---|---|
| 001 | R200-R1788 | ||
| 003 | IT-CnALBA | ||
| 008 | 170116c99999999xx |||||||||||| ||und|| | ||
| 040 |
_aIT-CnALBA _cIT-CnALBA |
||
| 041 | _aITALIANO | ||
| 100 | _aMOSSO DOMENICO | ||
| 210 | _aCREDERE OGGI | ||
| 222 | _aCREDERE OGGI | ||
| 245 | 0 | _aCREDERE OGGI. BATTESIMO E CONFERMAZIONE. N. I. ANNO VI. GENNAIO FEBBRAIO 1986. (31). | |
| 250 | _a1a ed. | ||
| 260 |
_a PADOVA _bMESSAGGERO EDIZIONI _c1986 |
||
| 300 | _a104 p. | ||
| 310 | _aBIMESTRALE | ||
| 362 | _aFascicolo: 1 / Anno: 6 (1986) | ||
| 500 | _aEDITORIALE. AGGIORNAMENTO ORIENTAMENTO TEOLOGIA. RITI E SIMBOLI NELLA CULTURA. SPECIFICO DEI SACRAMENTI CRISTIANI. RITO E REALTA NEL BATTESIMO. TEOLOGIA DEL BATTESIMO. CONFERMAZIONE CRESIMA DONO DELLO SPIRITO. BATTESIMO BAMBINI. RIFLESSIONE PASTORALE SULL'INIZIAZIONE CRISTIANA. DOCUMENTAZIONE. SEGNALAZIONI BIBLIOGRAFICHE. BORDIGNON L. TURA E.R. VISENTIN P. ZANETTI E. RUSPI W. | ||
| 501 | _aSocietà San Paolo EM - Piazza San Paolo, 14 - 12051 ALBA (CN) (non commercial uses only) ® Copyright 2017 | ||
| 520 | _aEDITORIALE. AGGIORNAMENTO ORIENTAMENTO TEOLOGIA. RITI E SIMBOLI NELLA CULTURA. SPECIFICO DEI SACRAMENTI CRISTIANI. RITO E REALTA NEL BATTESIMO. TEOLOGIA DEL BATTESIMO. CONFERMAZIONE CRESIMA DONO DELLO SPIRITO. BATTESIMO BAMBINI. RIFLESSIONE PASTORALE SULL'INIZIAZIONE CRISTIANA. DOCUMENTAZIONE. SEGNALAZIONI BIBLIOGRAFICHE. BORDIGNON L. TURA E.R. VISENTIN P. ZANETTI E. RUSPI W. | ||
| 650 | _aMISCELLANEA DI RELIGIONE | ||
| 942 | _cCR | ||
| 957 | _71 | ||
| 999 |
_a11766 _bNO _g1 _c319863 _d319863 |
||